| 000 | 00431aam a2200169 4500 | ||
|---|---|---|---|
| 005 | 20170111144835.0 | ||
| 008 | 150727b xxu||||| |||| 00| 0 spa d | ||
| 041 | _aInglés | ||
| 082 | _a428 S839f | ||
| 100 |
_aStern, H.H. _936204 |
||
| 245 | _aFundamental concepts of language teaching | ||
| 260 |
_aInglaterra _bOxford _c2009 |
||
| 300 | _a582 páginas | ||
| 650 |
_aINGLÉS _92062 |
||
| 650 |
_a ENSEÑANZA _9236 |
||
| 942 | _cBK | ||
| 999 |
_c8703 _d8703 |
||